00210nam a2200085Ia 4500008004100000100001400041245002500055260003500080300000900115190216s9999||||xx |||||||||||||| ||und|| aGupta R L 0aAdvanced Accountancy bShree Mahavir Book Depotc1970 a557p